000 00534nam a2200217Ia 4500
003 0100
008 130307s9999 xx 000 0 und d
020 _a9783318705
040 _cARRUPELIB
050 _aHQ1787.G29 1998
245 _aGender perceptions and development in Africa
260 _aLagos
260 _bArrabon Academic Publishers
260 _c1998
300 _a288p.
300 _b23 cm.
650 _aSOCIAL SCIENCE
650 _bPhilosophy, African
700 _aKolawole, Mary E. Modupe ed.
942 0 0 _016
999 _c95675
_d95675